| 000 | 00364nam a22001457a 4500 | ||
|---|---|---|---|
| 003 | OSt | ||
| 005 | 20160727222343.0 | ||
| 008 | 160620b xxu||||| |||| 00| 0 eng d | ||
| 040 | _cTest | ||
| 100 |
_9165 _aTaylor, H. P |
||
| 245 | _aGoyote places the stars | ||
| 260 |
_aN.Y _b Simon & Schuster Children's _c1993 |
||
| 300 | _aGoyote places the stars | ||
| 942 |
_2ddc _cBK |
||
| 999 |
_c135 _d135 |
||